000 00705cam a2200277 4500
005 20260322212047.0
008 data
010 _a 72192302
015 _aB71-05281
020 _a0600013324
020 _a9780600013327
040 _aDLC
_cDLC
_dDLC
041 1 _aengcze
050 0 0 _aSH443
_b.S7713
082 0 0 _a799.1/2/0222
092 _a799.1 S7713 1970
100 1 _aŠtochl, Sláva.
240 1 0 _aPetrův zdar!
_lEnglish
245 1 4 _aThe fisherman's world in pictures;
_cSláva Štochl.
260 _aFeltham,
_bHamlyn,
_c1970.
300 _a239 p. of illus.
_c29 cm.
350 _a£2.25
500 _aTranslation of Petrův zdar!
650 0 _aFishing
_xPictorial works.
001 data
999 _c1121
_d1121